Statistics for 5 Letter Word Chain - SPORTS

Click here to take the quiz!

General Stats

  • This quiz has been taken 622 times
  • The average score is 12 of 22

Answer Stats

HintAnswer% Correct
Athletes get tested for these quite oftenDRUGS
88%
Slang for basketball, gonna shoot some...HOOPS
88%
Before they were the Thunder, they were the Seattle _____ SonicsSUPER
85%
The Rangers, Spurs and Cowboys play in this stateTEXAS
80%
2 under par on a single golf holeEAGLE
76%
Many a marathon winner hail from this countryKENYA
70%
The All Blacks play this sportRUGBY
70%
More and more surfers need to be weary of one of theseSHARK
70%
A fielding or throwing mistake in baseballERROR
69%
He may have had more mistresses than majors (14)TIGER
59%
One of Colorado's top ski resortsASPEN
57%
A form of wrestling Greco_____ROMAN
56%
Stan of Tennis or Emmitt of the NFLSMITH
56%
Owner of 10 French Open TitlesNADAL
55%
Type of vessell raced in the America's CupYACHT
50%
This lefty QB lead the 49ers to their 5th Super Bowl WinYOUNG
48%
The Big Unit's first nameRANDY
40%
Slammin' Sam that won 82 PGA Tour eventsSNEAD
34%
Boxing's Brown BomberLOUIS
30%
Red Grange was also known as The Galloping _____GHOST
24%
Main Sports TV personality for CBSNANTZ
15%
This Todd had a 16 year MLB careerZEILE
9%

Score Distribution

Percentile by Number Answered

Percent of People with Each Score

Your Score History

You have not taken this quiz